Grouping words : sentences

Bibliographic Details
Main Author: Ganeri, Anita
Format: Book
Published: Chicago : Heinemann Library , 2012
Series:Getting to grips with grammar
Subjects:

MARC

LEADER 00000cam a2200000 7i4500
001 0000176989
005 20140603.0
020 |a 9781432958091 
090 0 0 |a 428   |b GAN 
100 1 |a Ganeri, Anita 
245 1 0 |a Grouping words :   |b sentences   |c Anita Ganeri 
260 |a Chicago :   |b Heinemann Library ,   |c 2012 
300 |a 32p. ;   |c 23cm. 
490 0 |a Getting to grips with grammar 
650 0 0 |a English language   |x Grammar   |x Juvenile literature 
650 0 0 |a English language   |x Sentences   |x Juvenile literature 
999 |a 00291806   |b BUKU   |c JUNIOR BOOKS   |e PERPUSTAKAAN KOMUNITI PETALING JAYA